| 000 | 00608nam a2200253Ia 4500 | ||
|---|---|---|---|
| 001 | 18466 | ||
| 003 | GE_BSU | ||
| 008 | 181216s||||||||xx |||||||||||||| ||und|| | ||
| 020 | _a9780812973815 | ||
| 040 | _cGE_BSU | ||
| 080 | _a316 | ||
| 100 | _aTaleb. N.N. | ||
| 245 | 4 | _aThe black Swan | |
| 245 | 4 | _bThe impact of Highly imrobable | |
| 250 | _aSecond edition | ||
| 260 | _aNew York | ||
| 260 | _bRandom House trade | ||
| 260 | _c2010 | ||
| 300 | _a435p. 21cm. | ||
| 653 | _aThe black Swan | ||
| 653 | _aThe impact of Highly imrobable | ||
| 653 | _aსოციოლოგია | ||
| 942 | _cBK | ||
| 999 |
_c51480 _d51480 |
||